La gestion del presupuesto publico colombiano / (Registro nro. 14521)
[ vista simple ]
| 000 -LEADER | |
|---|---|
| fixed length control field | 02107nam a22002657a 4500 |
| 003 - CONTROL NUMBER IDENTIFIER | |
| control field | OSt |
| 005 - DATE AND TIME OF LATEST TRANSACTION | |
| control field | 20251114145953.0 |
| 008 - FIXED-LENGTH DATA ELEMENTS--GENERAL INFORMATION | |
| fixed length control field | 251114b |||||||| |||| 00| 0 eng d |
| 020 ## - INTERNATIONAL STANDARD BOOK NUMBER | |
| International Standard Book Number | 9789584899828 |
| 037 ## - SOURCE OF ACQUISITION | |
| Stock number | Donación |
| 040 ## - CATALOGING SOURCE | |
| Original cataloging agency | CO-JMCR |
| Language of cataloging | spa |
| Transcribing agency | CO-JMCR |
| Modifying agency | CO-JMCR |
| Description conventions | rda |
| 041 0# - LANGUAGE CODE | |
| Language code of text/sound track or separate title | spa |
| 082 04 - DEWEY DECIMAL CLASSIFICATION NUMBER | |
| Classification number | 336.861 |
| Item number | M82g |
| 100 ## - MAIN ENTRY--PERSONAL NAME | |
| Personal name | Morales Dominguez, David Fernando, |
| 9 (RLIN) | 275 |
| 245 #0 - TITLE STATEMENT | |
| Title | La gestion del presupuesto publico colombiano / |
| Statement of responsibility, etc. | David Fernando Morales Dominguez |
| 250 ## - EDITION STATEMENT | |
| Edition statement | Cuarta edición / |
| 260 ## - PUBLICATION, DISTRIBUTION, ETC. | |
| Date of publication, distribution, etc. | 2023 |
| 300 ## - PHYSICAL DESCRIPTION | |
| Other physical details | 590 páginas : |
| Dimensions | 23 cm. |
| 505 ## - FORMATTED CONTENTS NOTE | |
| Formatted contents note | El presupuesto de rentas y recursos de capital -- El presupuesto de gastos o ley de apropiaciones -- La programación, trámite y aprobación del presupuesto general de la nación -- Las modificaciones al presupuesto -- La gestión del presupuesto de ingresos -- La gestión del presupuesto de gastos -- El programa anual mensualizado de caja - PAC -- La contabilidad de la gestión presupuestal -- El cálculo de los ingresos y gastos públicos |
| 520 3# - SUMMARY, ETC. | |
| Summary, etc. | El Dr. David Fernando Morales Domínguez es administrador público especializado en administración pública - ESAP, en planeación y presupuestación y en gestión y control del gasto del instituto de estudios fiscales y la UNED de España y es master internacional en hacienda pública y administración financiera del instituto de estudios fiscales y la UNED de España. Por su trayectoria laboral es experto en finanzas públicas, gestión financiera pública, presupuesto público y régimen presupuestal de las empresas estatales.<br/>Es autor de los libros "La gestión del presupuesto público colombiano" (Cuatro ediciones - 2009, 2012, 2014, 2023), "La gestión del presupuesto de las empresas estatales" (2015), "Guía del presupuesto general de la nación2 (2018), "La implementación del nuevo clasificador presupuestal en Colombia "(2019) y "La contabilidad del presupuesto público colombiano" (2020). |
| 650 #7 - SUBJECT ADDED ENTRY--TOPICAL TERM | |
| Topical term or geographic name entry element | Presupuesto |
| 9 (RLIN) | 33803 |
| General subdivision | Economía |
| 650 #7 - SUBJECT ADDED ENTRY--TOPICAL TERM | |
| Topical term or geographic name entry element | Marco fiscal |
| General subdivision | Economía |
| 9 (RLIN) | 44432 |
| 650 #7 - SUBJECT ADDED ENTRY--TOPICAL TERM | |
| Topical term or geographic name entry element | Contabilidad |
| 9 (RLIN) | 7829 |
| 942 ## - ADDED ENTRY ELEMENTS (KOHA) | |
| Source of classification or shelving scheme | Dewey Decimal Classification |
| Koha item type | Books |
| Withdrawn status | Lost status | Source of classification or shelving scheme | Damaged status | Not for loan | Collection code | Home library | Current library | Shelving location | Date acquired | Total Checkouts | Full call number | Barcode | Date last seen | Date last checked out | Koha item type |
|---|---|---|---|---|---|---|---|---|---|---|---|---|---|---|---|
| Dewey Decimal Classification | Non-fiction | Biblioteca Pública José María del Castillo y Rada | Biblioteca Pública José María del Castillo y Rada | Book Cart | 11/14/2025 | 4 | 336.861 M82g | 201812624 | 10/01/2024 | 09/23/2024 | Books |